Three Band Flags of Countries - Statistics

General Stats
  • This quiz has been taken 272 times
  • The average score is 13 of 15
Answer Stats
Country % Correct
France
98%
Germany
98%
Mexico
98%
Canada
97%
Italy
93%
Nigeria
93%
Netherlands
87%
Guatemala
82%
Peru
82%
Mongolia
81%
Barbados
78%
Armenia
76%
Yemen
75%
Colombia
71%
Gabon
67%
No matching quizzes found
Score Distribution
Percent of People with Each Score
Percentile by Number Answered
Your Score History
You have not taken this quiz